Уроки "Нового мира" А. Т. Твардовского (Запись № 11634284)
[ простой вид ]
| 000 -МАРКЕР | |
|---|---|
| контрольное поле | 02385nam0a2200421 i 4500 |
| 001 - ИДЕНТИФИКАТОР ЗАПИСИ | |
| контрольное поле | RU\NLR\BIBL_A\011427239 |
| 005 - ИДЕНТИФИКАТОР ВЕРСИИ | |
| контрольное поле | 20260406104849.0 |
| 010 ## - МЕЖДУНАРОДНЫЙ СТАНДАРТНЫЙ НОМЕР КНИГИ (ISBN) | |
| Номер (ISBN) | 9785927324507 |
| Тираж | 150 |
| 021 ## - НОМЕР ГОСУДАРСТВЕННОЙ РЕГИСТРАЦИИ | |
| Код страны | Российская Федерация |
| Номер | 2017-41761 |
| Номер Листа государственной регистраци | 3032 |
| 035 ## - ДРУГИЕ СИСТЕМНЫЕ НОМЕРА | |
| Идентификатор записи | (RuMoRGB)008904535 |
| 035 ## - ДРУГИЕ СИСТЕМНЫЕ НОМЕРА | |
| Идентификатор записи | (NLR Aleph) 011427239 |
| 100 ## - ДАННЫЕ ОБЩЕЙ ОБРАБОТКИ | |
| Данные общей обработки | 20170627d2017 km y0rusy50 ca |
| 101 0# - ЯЗЫК РЕСУРСА | |
| Язык текста, звукозаписи и т.д. | русский |
| 102 ## - СТРАНА ПУБЛИКАЦИИ ИЛИ ПРОИЗВОДСТВА | |
| Страна публикации | Российская Федерация |
| 105 ## - ПОЛЕ КОДИРОВАННЫХ ДАННЫХ: ТЕКСТОВЫЕ МАТЕРИАЛЫ, МОНОГРАФИЧЕСКИЕ | |
| Кодированные данные о монографическом текстовом документе | y|||z|||000zy |
| 200 1# - ЗАГЛАВИЕ И СВЕДЕНИЯ ОБ ОТВЕТСТВЕННОСТИ | |
| Основное заглавие | Уроки "Нового мира" А. Т. Твардовского |
| Сведения, относящиеся к заглавию | (на материале дневника А. В. Жигулина) |
| -- | монография |
| Первые сведения об ответственности | В. В. Колобов |
| Последующие сведения об ответственности | Министерство образования и науки РФ, Федеральное государственное бюджетное образовательное учреждение высшего образования "Воронежский государственный университет" |
| 210 ## - ПУБЛИКАЦИЯ, РАСПРОСТРАНЕНИЕ И ДР. | |
| Место издания, распространения и т.д. | Воронеж |
| Имя издателя, распространителя и т. д. | ВГУ |
| Дата издания, распространения и т.д. | 2017 |
| 215 ## - ФИЗИЧЕСКАЯ ХАРАКТЕРИСТИКА | |
| Специфическое обозначение материала и объем | 242, [1] с. |
| Размеры | 21 |
| 320 ## - ПРИМЕЧАНИЯ О НАЛИЧИИ В ДОКУМЕНТЕ БИБЛИОГРАФИИ / УКАЗАТЕЛЯ | |
| Текст примечания | Библиогр.: с. 163-192 (407 назв.) и в подстроч. примеч. |
| 600 #1 - ИМЯ ЛИЦА КАК ПРЕДМЕТ | |
| Начальный элемент ввода | Жигулин |
| Часть имени, кроме начального элемента ввода | А.В. |
| Даты | 1930 - 2000 |
| Расширение инициалов личного имени | Анатолий Владимирович |
| Формальный подзаголовок | Дневники |
| Системный номер авторитетной/нормативной записи | 1089583 |
| Идентификатор авторитетной/нормативной записи | RU\NLR\AUTH\66427160 |
| 600 #1 - ИМЯ ЛИЦА КАК ПРЕДМЕТ | |
| Начальный элемент ввода | Твардовский |
| Часть имени, кроме начального элемента ввода | А. Т. |
| Даты | 1910 - 1971 |
| Расширение инициалов личного имени | Александр Трифонович |
| Тематический подзаголовок | как редактор |
| Системный номер авторитетной/нормативной записи | 2334725 |
| Идентификатор авторитетной/нормативной записи | RU\NLR\AUTH\6601619872 |
| 601 02 - НАИМЕНОВАНИЕ ОРГАНИЗАЦИИ КАК ПРЕДМЕТ | |
| Начальный элемент ввода | "Новый мир", журнал |
| Идентифицирующий признак | 1925 - ; Москва, город |
| Системный номер авторитетной/нормативной записи | 1083367 |
| Идентификатор авторитетной/нормативной записи | RU\NLR\AUTH\66423777 |
| 686 ## - ИНДЕКСЫ ДРУГИХ КЛАССИФИКАЦИЙ | |
| Индекс | Ш5(2=Р)7-4Твардовский А.Т.39,0 |
| Код системы | |
| 686 ## - ИНДЕКСЫ ДРУГИХ КЛАССИФИКАЦИЙ | |
| Индекс | Ш5(2=Р)7-4Жигулин А.В.12г,0 |
| Код системы | |
| 686 1# - ИНДЕКСЫ ДРУГИХ КЛАССИФИКАЦИЙ | |
| Индекс | Ш5(2=Р)7-4Твардовский |
| 686 1# - ИНДЕКСЫ ДРУГИХ КЛАССИФИКАЦИЙ | |
| Индекс | Ш5(2=Р)7-4Жигулин |
| 686 1# - ИНДЕКСЫ ДРУГИХ КЛАССИФИКАЦИЙ | |
| Индекс | Ч612.4(2-2М)72 |
| 686 1# - ИНДЕКСЫ ДРУГИХ КЛАССИФИКАЦИЙ | |
| Индекс | Ч612.3(2)7-8Твардовский |
| 700 #1 - ИМЯ ЛИЦА - ПЕРВИЧНАЯ ОТВЕТСТВЕННОСТЬ | |
| Начальный элемент ввода | Колобов |
| Часть имени, кроме начального элемента ввода | В. В. |
| Расширение инициалов личного имени | Владимир Васильевич |
| 702 #1 - ИМЯ ЛИЦА - ВТОРИЧНАЯ ОТВЕТСТВЕННОСТЬ | |
| Начальный элемент ввода | Жигулин |
| Часть имени, кроме начального элемента ввода | А. В. |
| Даты | 1930-2000 |
| Расширение инициалов личного имени | Анатолий Владимирович |
| Код отношения | Прочие |
| 702 #1 - ИМЯ ЛИЦА - ВТОРИЧНАЯ ОТВЕТСТВЕННОСТЬ | |
| Код отношения | Прочие |
| Материалы, к которым относится поле | rus |
| Графика поля | Кириллица |
| Начальный элемент ввода | Твардовский |
| Часть имени, кроме начального элемента ввода | А.Т. |
| Даты | 1910-1971 |
| Расширение инициалов личного имени | Александр Трифонович |
| Идентификатор авторитетной/нормативной записи | RU\NLR\AUTH\7720971 |
| Системный номер авторитетной/нормативной записи | 4037 |
| 711 02 - НАИМЕНОВАНИЕ ОРГАНИЗАЦИИ - АЛЬТЕРНАТИВНАЯ ОТВЕТСТВЕННОСТЬ | |
| Начальный элемент ввода | "Новый мир", журнал |
| Идентифицирующий признак | 1925- ; Москва |
| Идентификатор авторитетной/нормативной записи | RU\NLR\AUTH\883661 |
| Системный номер авторитетной/нормативной записи | 278632 |
| 942 ## - ДОПОЛНИТЕЛЬНЫЕ ЭЛЕМЕНТЫ ЗАПИСИ (АБИС) | |
| Тип экземпляра АБИС | Книга |
| 980 ## - КОЛЛЕКЦИЯ | |
| Название коллекции | НБР |
Нет доступных экземпляров.